000 00681cam a22002057a 4500
001 12634522
005 20251129135254.0
008 020104s2002 nju b 001 0 eng d
020 _a013089480X
050 0 0 _aTA345
_b.R37 2002
100 1 _aRao, Singiresu S.,
_d1944-
245 1 0 _aApplied numerical methods for engineers and scientists /
_cSingiresu S. Rao.
260 _aUpper Saddle River, N.J. :
_bPrentice Hall,
_cc2002.
300 _axx, 1060 p. ;
_c24 cm.
650 0 _aEngineering mathematics
_xData processing.
650 0 _aNumerical analysis
_xData processing.
650 0 _aEngineering
_xData processing.
650 0 _aScience
_xData processing.
942 _2lcc
_cBK
_n0
999 _c8438
_d8438